| 000 | 00449nam a2200181 a 4500 | ||
|---|---|---|---|
| 001 | 4053 | ||
| 003 | CO-ViMGA | ||
| 008 | 141112s2004 ck r 000 u spa d | ||
| 040 |
_aCO-ViMGA _bspa _cCO-ViMGA |
||
| 082 | 0 | 4 | _a398.234 B172a |
| 100 | 1 |
_aBarceló, Carlos _954402 |
|
| 245 | 1 | 0 | _aLa atlántida |
| 260 |
_a(Madrid) : _bM.E., _c1996 |
||
| 300 | _a192 p | ||
| 490 | _aEnigmas de la historia, 6 | ||
| 650 | 1 | 4 |
_aATLANTIDA _954403 |
| 942 |
_2ddc _cBK |
||
| 999 |
_c16069 _d16069 |
||